| 000 | 01196nam a22003017i 4500 | ||
|---|---|---|---|
| 003 | EG-ScBUE | ||
| 005 | 20221026135608.0 | ||
| 008 | 220731s2011 ua a f 000 0 ara d | ||
| 017 | _a2011 / 4737 | ||
| 020 | _a9770815187 | ||
| 040 |
_aEG-ScBUE _bara _erda _cEG-ScBUE _dEG-ScBUE |
||
| 043 | _af-ua--- | ||
| 082 | 0 | 4 |
_222 _a320.962055 _bع ب د |
| 100 | 1 |
_aعبد الواحد، حسين، _d1950- _eمؤلف. |
|
| 245 | 1 | 0 |
_aثورة مصر : _b18 يوما هزت العالم / _cحسين عبد الواحد. |
| 246 | 3 |
_aثورة مصر : _bثماني عشر يوما هزت العالم |
|
| 264 | 1 |
_a[القاهرة] : _bدار أخبار اليوم، _c[2011] |
|
| 300 |
_a236 صفحة : _bصور ؛ _c18 سم. |
||
| 336 |
_2rdacontent _aنص _btxt |
||
| 337 |
_2rdamedia _aبدون وسيط _bn |
||
| 338 |
_2rdacarrier _aمجلد _bnc |
||
| 490 | 0 | _aملف كامل لشهداء الثورة | |
| 651 | 7 |
_aمصر _xتاريخ _yالعصر الحديث _yثورة 25 يناير 2011. _2BUEsh |
|
| 651 | 7 |
_aمصر _xأحوال سياسية _yالعصر الحديث _yثورة 25 يناير 2011. _2BUEsh |
|
| 653 | _bBUSBOL | ||
| 655 | _vReading book | ||
| 942 | _2ddc | ||
| 999 |
_c29935 _d29906 |
||